[Event "40th Nezhmetdinov Memorial 2018"]
[Site "Kazan"]
[Date "2018.09.15"]
[Round "3"]
[White "Khanin, Semen"]
[Black "Kokarev, Dmitry"]
[Result "0-1"]
[WhiteElo "2507"]
[BlackElo "2595"]
[Annotator "TA"]
[PlyCount "121"]
[EventDate "2018.09.11"]
[EventType "swiss"]
[EventCountry "RUS"]
[SourceTitle "playchess.com"]
[Source "ChessBase"]
[SourceQuality "1"]

{[%evp 21,121,30,20,-85,-24,-103,-104,-89,-90,-71,-79,-170,-175,-147,-140,-156,-162,-188,-184,-191,-177,-183,-181,-176,-164,-199,-197,-274,-258,-277,-234,-238,-234,-233,-233,-283,-281,-279,-277,-285,-281,-331,-313,-383,-347,-652,-577,-624,-434,-494,-447,-702,-375,-1391,-1222,-1422,-1356,-1435,-1387,-1426,-1342,-1352,-1336,-1361,-1342,-1260,-1298,-1241,-1159,-1014,-927,-768,-688,-1981,-1229,-5783,-5783,-1719,-919,-5591,-4554,-3712,-2663,-29968,-29972,-6813,-6737,-5883,-3014,-29978,-29979,-29976,-29979,-29979,-29980,-29980,-29977,-29977,-29977,-29979,-29980,-29984]} 1. e4 c5 2. Nf3 e6 3. d4 cxd4 4. Nxd4 Nf6 5. Nc3 Nc6 6. Ndb5 d6 7. Bf4 e5 8. Bg5 a6 9. Na3 Be6 10. Nc4 {B33: Sicilian: Pelikan and Sveshnikov Variations} Rb8 11. a4 (11. Nd5 Bxd5 12. Bxf6 Qxf6 13. Qxd5 Nb4 14. Qd2 d5 15. a3 dxc4 16. axb4 Rd8 17. Qe3 Qg6 {½-½ (30) Harikrishna,P (2752)-Radjabov,T (2722) Monzon 2016}) 11... Nb4 {LiveBook: 5 Games} 12. f4 $146 (12. Bxf6 $11 {remains equal.} Qxf6 13. Ne3) ({Predecessor:} 12. Be2 Rc8 13. Ne3 Be7 14. O-O O-O 15. Qd2 h6 16. Bh4 Nc6 17. Bxf6 Bxf6 {0-1 (68) Tsoi,D (2377)-Paravyan,D (2551) St Petersburg 2017}) 12... Rc8 (12... exf4 $17 {next ...Rc8 is good for Black.} 13. a5 d5 14. exd5 Nbxd5 15. Nxd5 Qxd5 16. Bxf6 gxf6 17. Qxd5 Bxd5 18. Nd6+ Bxd6) 13. Ne3 (13. Nd5 $11 {keeps the balance.}) 13... exf4 $17 14. Bxf4 Qa5 {Hoping for ...Nxe4!} 15. Qd2 Nh5 16. Bg3 (16. g3 $17 {was necessary.}) 16... Nxg3 $19 17. hxg3 {[#]} Be7 $1 $36 {[%mdl 2048] Black is in control.} 18. Bd3 Bg5 19. Qe2 O-O 20. O-O Qb6 21. Rae1 {[#]} Nxc2 $1 {[%mdl 512]} 22. Bxc2 {And now Bd3 would win.} Bxe3+ $1 ({Inferior is} 22... Qxb2 23. Ncd1 $14 (23. Ncd5 $2 Bxd5 24. Nxd5 Rxc2 $19)) 23. Qxe3 Qxb2 24. Ne2 (24. Rf3 {was worth a try.} Qxc2 25. Rc1) 24... Qxc2 25. Rb1 Rc4 26. Nd4 Qxa4 27. Nxe6 Rxe4 ({Much less strong is} 27... fxe6 28. Rxf8+ Kxf8 29. Qf3+ Kg8 30. Rxb7 $17) 28. Qc3 {[%csl Ge6][%cal Rc3g7]} Rxe6 29. Rxb7 h6 {[%cal Bh7h6,Bh6h5][%mdl 32]} 30. Rf4 Re4 31. Rxe4 Qxe4 {[%mdl 4096] Endgame KQR-KQR} 32. Ra7 Qe5 33. Qxe5 $2 (33. Qf3) 33... dxe5 34. Rxa6 {KR-KR} h5 35. Kf2 f6 36. Ra7 (36. Ra4 $142) 36... Rf7 37. Ra8+ $2 {[#]} (37. Ra4) 37... Kh7 $1 {[%cal Rh7h6]} 38. Kf3 Rb7 39. Ra4 Rb3+ 40. Kf2 Kg6 41. Ra7 Kh6 42. Rf7 Rb6 43. Kf3 Ra6 44. Rb7 Ra3+ 45. Kf2 g6 46. Rb6 Kg5 47. Rb4 Ra6 48. Rb5 Re6 49. Rb4 f5 {[%cal Bf6f5,Bf5f4][%mdl 32]} 50. Rh4 Rd6 51. Ke3 {[#]} f4+ $1 52. Ke4 (52. gxf4+ Kxh4) 52... fxg3 53. Rh1 Rd2 54. Rg1 Kg4 55. Kxe5 h4 {Black mates.} 56. Ke4 h3 57. gxh3+ Kxh3 58. Rh1+ Kg2 59. Rh6 Rd6 60. Ke5 Ra6 61. Kd4 {Precision: White = 22%, Black = 87%.} 0-1

[Event "40th Nezhmetdinov Memorial 2018"]
[Site "Kazan"]
[Date "2018.09.15"]
[Round "3"]
[White "Gabrielian, Artur"]
[Black "Pridorozhni, Aleksei"]
[Result "0-1"]
[WhiteElo "2503"]
[BlackElo "2573"]
[Annotator "TA"]
[PlyCount "140"]
[EventDate "2018.09.11"]
[EventType "swiss"]
[EventCountry "RUS"]
[SourceTitle "playchess.com"]
[Source "ChessBase"]
[SourceQuality "1"]

{[%evp 19,140,25,25,25,31,22,43,39,50,65,60,56,72,27,39,27,27,22,62,0,18,0,-4,0,0,-25,0,-30,0,0,0,0,0,0,0,0,0,0,19,27,25,21,20,26,37,-13,-15,-9,0,-19,0,0,0,0,0,0,119,0,0,0,0,-8,0,-18,0,-27,-31,-22,-13,-60,-82,-84,-17,-50,-19,-12,0,-47,-43,-55,-33,-102,-48,-53,-53,-112,-66,-74,0,0,0,0,0,-8,-10,-14,-18,-24,-8,-51,-52,-53,-51,-60,-58,-39,-58,-788,-383,-382,-382,-690,-689,-558,-602,-588,-566,-29959,-29959,-29958,-29948,-5422,-511]} 1. e4 e5 2. Nf3 Nc6 3. Bc4 Nf6 4. d3 h6 5. O-O d6 6. c3 g6 7. Re1 Bg7 8. Nbd2 O-O 9. Bb3 Na5 10. Bc2 c5 {LiveBook: 31 Games} 11. a3 {C55: Two Knights: 4 d3, 4 d4 exd4 5 e5 and Max Lange Attack} (11. b4 cxb4 12. cxb4 Nc6 13. a3 a6 14. h3 b5 15. Bb2 Bb7 16. Bb3 Kh7 17. Nf1 d5 18. Ng3 d4 {½-½ (93) Leko,P (2691)-Georgiev,K (2623) Riadh 2017}) 11... Nc6 12. b4 cxb4 $146 ({Predecessor:} 12... a6 13. bxc5 dxc5 14. Nc4 Qc7 15. a4 Be6 16. Rb1 Rfd8 17. Nb6 Rab8 18. Bd2 Nh5 {0-1 (42) Antipov,M (2531)-Gasanov,E (2504) Konya 2015}) 13. axb4 {White is slightly better.} b5 14. Nb3 Nd7 15. d4 Nb6 16. h3 Qc7 17. Bd3 a6 18. Be3 Nc4 19. Bc1 (19. Bxc4 $14 bxc4 20. Na5) 19... exd4 20. Bxc4 bxc4 21. Nbxd4 Ne5 22. Nxe5 dxe5 23. Nb5 Qb8 (23... Qb6 {seems wilder.} 24. Na3 Be6 25. Qe2 Qc6 26. Rd1 Rad8) 24. Na3 $1 Be6 25. Qe2 Qc7 26. Be3 Rfd8 27. Red1 Bf8 28. Nc2 Qc6 29. f3 f5 30. exf5 Bxf5 31. Ne1 Rxd1 32. Rxd1 a5 33. bxa5 Rxa5 34. Bf2 Bg7 35. Nc2 g5 (35... Bd3 $5 36. Nb4 $8 Bxe2 37. Rd8+ Kf7 38. Nxc6 Bf6 $11) 36. Nb4 Qe6 37. Qd2 {Threatens to win with Qd8+.} Kh7 {[#]} (37... Ra8 $11) 38. Re1 (38. g4 $1 $16 {[%cal Rg4f5]} Bg6 39. Qd8) 38... Bg6 $11 39. Bg3 Ra3 40. Bf2 Qf6 41. Bc5 Rb3 42. Nd5 Qc6 43. Bf2 Qd6 44. Rd1 Bd3 45. Ne3 {[#] Hoping for Nxc4!} Qe6 (45... Qa3 $17 46. Qe1 Rxc3) 46. Rc1 Ra3 47. Qb2 Rb3 48. Qd2 e4 49. fxe4 Qxe4 {Strongly threatening ...Qf4.} 50. Nf1 ({White should play} 50. Ng4 $1 $15) 50... g4 (50... Qf4 $17 {...Bxc3! is the strong threat.} 51. Qxf4 gxf4) 51. hxg4 $15 Qxg4 52. Ne3 (52. Nh2 $15 Qg6 53. Nf3) 52... Qe4 53. Nd1 Qg6 ({Better is} 53... Ra3 $17 54. Be3 Qa8) 54. Bd4 $1 $11 Rb7 55. Bxg7 Rxg7 56. Ne3 Rf7 57. Re1 Qg5 58. Qb2 h5 59. Qb8 Qh4 60. g3 Qf6 {( -> ...Qf2+)} 61. Qb2 Qe5 $36 {[%mdl 2048] Black has the initiative.} 62. Qh2 Bg6 63. Kh1 $2 {[%mdl 8192]} (63. Qh4 $15) 63... Qxc3 (63... Be4+ $142 64. Kg1 Rf3) 64. Qe2 $19 Re7 65. Kh2 $2 (65. Qf2) 65... Qd4 66. Qf3 c3 67. Re2 Qd3 68. Re1 c2 69. Qf2 c1=Q 70. Rxc1 Qxe3 {Precision: White = 43%, Black = 48%.} (70... Rxe3 $142 71. Rc7+ Kg8 72. Qa2+ Kf8 73. Qf2+ Ke8 74. Rc8+ Kd7) 0-1

[Event "40th Nezhmetdinov Memorial 2018"]
[Site "Kazan"]
[Date "2018.09.15"]
[Round "3"]
[White "Drygalov, Andrey"]
[Black "Korneev, Oleg"]
[Result "1/2-1/2"]
[WhiteElo "2465"]
[BlackElo "2547"]
[Annotator "TA"]
[PlyCount "81"]
[EventDate "2018.09.11"]
[EventType "swiss"]
[EventCountry "RUS"]
[SourceTitle "playchess.com"]
[Source "ChessBase"]
[SourceQuality "1"]

{[%evp 26,81,0,0,5,5,22,22,21,20,13,10,25,17,26,26,22,0,0,-18,10,0,0,0,0,0,4,0,28,19,59,66,53,10,10,8,7,8,8,8,36,0,27,0,33,17,27,0,10,8,16,0,2,0,32,0,11,0]} 1. e4 e5 2. Nf3 Nc6 3. Bc4 Bc5 4. c3 Nf6 5. d4 exd4 6. e5 d5 7. Bb5 Ne4 8. cxd4 Bb6 9. Nc3 O-O 10. Be3 {C54: Giuoco Piano: 4 c3 Nf6, main lines with 5 d4 and 5 d3} Bg4 11. h3 Bh5 12. Qc2 Bg6 13. Qb3 Ne7 14. O-O {LiveBook: 14 Games} c6 15. Bd3 Nf5 {[#]} 16. Qc2 $146 ({Predecessor:} 16. Rae1 Nxd4 17. Bxd4 Bxd4 18. Nxe4 dxe4 19. Bxe4 Bxe4 20. Rxe4 {½-½ (29) Svidler,P (2749)-So,W (2810) Saint Louis 2017}) 16... Nxe3 17. fxe3 {[%cal Rc3e4]} Ng3 18. Bxg6 hxg6 19. Rf2 Qd7 20. Kh2 Nf5 21. Qd3 f6 22. g4 Ne7 (22... Nxd4 $5 23. exd4 fxe5 $11) 23. Kg1 fxe5 24. Nxe5 Qe6 25. Raf1 Rxf2 26. Rxf2 Bc7 27. Nf3 Rf8 28. Ng5 Qd6 {[#] ( -> ...Qg3+)} 29. Rxf8+ Kxf8 30. Qf1+ Ke8 {[%csl Gc7][%cal Rd6h2]} 31. Qf7+ Kd7 $132 {[%mdl 2048] White must now prevent ...Qg3+. Black is not keeping still} 32. Qf2 Qf6 33. Nf3 Bd6 34. Kg2 Kc7 35. Qc2 a6 36. Nd1 Qe6 37. Ng5 Qf6 38. Nf3 Qe6 39. Ng5 Qf6 40. Nf3 Qe6 41. Ng5 {Precision: White = 56%, Black = 35%.} 1/2-1/2

[Event "40th Nezhmetdinov Memorial 2018"]
[Site "Kazan"]
[Date "2018.09.15"]
[Round "3"]
[White "Samusenko, Maksim"]
[Black "Lintchevski, Daniil"]
[Result "1/2-1/2"]
[WhiteElo "2442"]
[BlackElo "2519"]
[Annotator "TA"]
[PlyCount "85"]
[EventDate "2018.09.11"]
[EventType "swiss"]
[EventCountry "RUS"]
[SourceTitle "playchess.com"]
[Source "ChessBase"]
[SourceQuality "1"]

{[%evp 15,85,-16,-10,-6,0,0,0,0,0,-9,0,0,0,0,0,0,29,20,22,15,14,6,25,13,21,26,27,0,0,0,22,12,21,19,9,8,10,8,11,10,8,7,15,-30,0,0,6,0,0,-42,-29,-54,-11,-60,0,-19,2,-16,33,32,41,37,40,39,147,27,34,0,36,10,15,0]} 1. d4 Nf6 2. Nc3 d5 3. Bf4 c5 4. e3 cxd4 5. exd4 a6 6. Nf3 {B13: Caro-Kann: Exchange Variation and Panov-Botvinnik Attack} Nc6 (6... Bg4 7. h3 Bxf3 8. Qxf3 Nc6 9. O-O-O e6 10. g4 Bd6 11. Kb1 Bxf4 12. Qxf4 Rc8 13. h4 {0-1 (38) Nabaty,T (2657)-Jones,G (2654) London 2017}) 7. Ne5 Bd7 8. Be2 e6 {LiveBook: 5 Games} 9. a3 Be7 10. O-O O-O $146 ({Predecessor:} 10... b5 11. b4 Qb6 12. Nxc6 Qxc6 13. Qd3 {0-1 (23) Schoeb,P (1391)-Brunner,O (1561) Zuerich 1998}) 11. Re1 Be8 12. Bf3 Nxe5 13. dxe5 Nd7 14. Ne2 Rc8 15. Nd4 Nc5 16. Qd2 Qb6 17. Rab1 Bd7 18. h3 Rfe8 19. Be3 Qc7 20. Bg5 Bf8 21. Rbd1 Na4 22. c3 Qb6 23. Rb1 Nc5 24. Be3 Qc7 25. Bf4 Ba4 26. b3 Bd7 27. a4 b5 28. axb5 Bxb5 29. Rbc1 Qb8 {White should prevent ...Nd3.} 30. Re3 Red8 31. Bg5 Rd7 32. Ra1 h6 33. Bh4 Qc7 34. Qd1 Rb8 (34... g5 $15 35. Bg3 Bg7) 35. Bg3 ({Don't play} 35. Nxb5 Rxb5 36. Rb1 a5 $17) 35... Be7 36. b4 (36. Bf4 {feels hotter.} a5 37. b4 axb4 38. cxb4 Ne4 39. Rc1) 36... Bg5 (36... Ne4 {seems wilder.} 37. Nxb5 axb5 38. Bxe4 dxe4 39. Qe2 Qc6) 37. bxc5 {[#] Strongly threatening c6.} Bxe3 38. fxe3 Qxc5 39. Nxb5 Rxb5 {[#]} (39... axb5 $14 40. Qd4 Qxd4 41. exd4 (41. cxd4 b4 $11) 41... b4) 40. Rxa6 (40. c4 $1 $16 {[%cal Rc4b5]} Qxc4 41. Be2 (41. Rxa6 Rdb7 $11)) 40... Qxe3+ 41. Kh2 {aiming for c4!} Rdb7 42. Ra8+ Rb8 43. Rxb8+ {Precision: White = 32%, Black = 48%.} 1/2-1/2

[Event "40th Nezhmetdinov Memorial 2018"]
[Site "Kazan"]
[Date "2018.09.15"]
[Round "3"]
[White "Yeletsky, Ivan"]
[Black "Timofeev, Artyom"]
[Result "1-0"]
[WhiteElo "2388"]
[BlackElo "2588"]
[Annotator "TA"]
[PlyCount "187"]
[EventDate "2018.09.11"]
[EventType "swiss"]
[EventCountry "RUS"]
[SourceTitle "playchess.com"]
[Source "ChessBase"]
[SourceQuality "1"]

{[%evp 9,187,41,47,25,28,27,26,26,26,13,37,39,39,27,50,22,25,27,35,43,47,11,43,24,17,14,36,34,37,38,39,38,52,13,33,24,40,0,81,83,119,119,128,128,131,126,187,125,158,148,159,108,128,117,162,165,149,104,103,120,112,111,295,281,350,387,308,18,727,54,53,0,54,54,54,54,50,38,411,411,411,411,433,411,411,411,503,499,411,402,533,443,592,591,5061,443,443,443,441,434,433,433,433,429,425,418,411,411,404,403,403,395,388,388,388,381,381,373,373,373,366,366,365,358,29942,29946,29938,29948,29943,29949,29948,29949,29950,29952,29949,29953,29949,29953,29949,29953,29949,29951,29964,29963,29961,29954,29969,29970,29974,29975,29972,29973,29973,29973,29983,29979,29987,29981,29991,29992,29994,29988,29988,29987,29987,29987,29987,29986,29986,29985,29985,29986,29986,29986,29986,29981,29988,29989,29989,29990]} 1. e4 d6 2. d4 Nf6 3. f3 c5 4. c3 Nbd7 5. Be3 e6 {LiveBook: 7 Games} 6. Nh3 {B07: Pirc Defence: Miscellaneous Systems} Be7 7. Be2 O-O 8. O-O {White has an edge.} b6 $146 ({Predecessor:} 8... Rb8 9. Nf2 b5 10. dxc5 dxc5 11. a4 a6 12. b3 Qc7 13. f4 e5 {1-0 (66) Sulskis,S (2501)-Belkhodja,S (2471) Cappelle-la-Grande 2001}) 9. a4 Bb7 10. Na3 a6 11. b4 Qc7 12. Qb3 Rfc8 13. Rfc1 Rab8 14. Qd1 Qd8 15. Qf1 Ra8 16. Rab1 cxd4 17. cxd4 Rxc1 18. Bxc1 Nb8 19. Nf2 {[%cal Bh3f2,Bf2g4,Bg4e3][%mdl 32]} Nc6 20. Nc2 Nd7 21. Bd3 Bg5 22. f4 Bh4 23. Ng4 Nf6 (23... a5 $11) 24. Nge3 $16 Ne7 25. g3 Bxg3 26. hxg3 Nxe4 27. Qh3 h6 (27... d5 $16 {might work better.} 28. Bb2 h6) 28. Bb2 (28. d5 $18 Nc3 29. Rb3 (29. dxe6 Nxb1 30. Bb2 Nd2 $14) 29... Nexd5 30. Nxd5 Nxd5 31. Bb2) 28... Rc8 29. Rf1 Qd7 30. b5 (30. d5 $142 Nxd5 31. Nxd5 (31. Bxe4 Nxe3 32. Nxe3 Bxe4 $16) (31. Qg4 Ndf6 $15) 31... Bxd5 32. Ne3) 30... axb5 31. axb5 Nf6 32. d5 Nexd5 33. g4 {Hoping for g5.} Nxe3 34. Nxe3 (34. Qxe3 e5 $15) 34... Be4 35. Be2 {Threatens to win with Bxf6.} Nd5 $2 (35... Nh7 $16) 36. g5 $18 hxg5 37. Nxd5 (37. fxg5 Qd8 $14) 37... Bxd5 {[#]} 38. fxg5 $2 (38. Rf2 $1 $18) 38... Bc4 $2 {[%mdl 8192]} (38... Rc2 $11 39. Rf2 Qc7) 39. Bxg7 $2 ({And not} 39. Qc3 e5 $11) (39. Rf4 $18 {White threatens Rh4 and mate.} Bxe2 40. Rh4) 39... Kxg7 $14 40. Qh6+ $40 {[%mdl 128] White has some attack.} Kg8 41. Rf4 $1 {[%cal Rf4h4] Threatening mate with Rh4.} Qxb5 $1 ({Worse is} 41... Bxe2 42. Rh4 Rc1+ 43. Kf2 Rf1+ 44. Ke3 Bh5 45. Rxh5 f6 46. Qh8+ Kf7 47. Qh7+ Kf8 48. Qxd7) 42. g6 {[%csl Gf4][%cal Rg6f7]} Qb1+ 43. Kf2 {[%csl Gf4][%cal Rg6f7]} Qxg6 $4 {[%mdl 8192]} ({Black should try} 43... fxg6 $14 44. Bxc4 Qb2+ 45. Kg3 Qc3+ 46. Kf2 Qd2+ 47. Kg3 Qe1+ 48. Kg2 Qd2+ 49. Kh1 Qd1+ 50. Rf1 Qg4) 44. Rg4 $18 Qxg4 45. Bxg4 Rc5 46. Qf6 b5 47. Kg3 Re5 48. Qd8+ Kg7 49. Qxd6 Rd5 50. Qe7 b4 51. Qxb4 Bd3 {[#]} 52. Qe7 (52. Bxe6 $142 $1 {[%mdl 512]} fxe6 53. Qe7+ Kh8 54. Qf6+ Kh7 55. Qf7+ Kh8 56. Qf6+ Kh7 57. Qf7+ Kh8 58. Qf6+) 52... Bg6 53. Bf3 Re5 54. Bc6 Rf5 55. Qd8 Rh5 56. Bf3 Rb5 57. Qd4+ Kg8 58. Kh4 Kh7 59. Bg4 Rd5 60. Qf6 Rb5 61. Qc3 Rd5 62. Be2 Kg8 63. Bc4 Rf5 64. Bd3 Rh5+ 65. Kg4 Rh6 66. Kg5 Rh5+ $2 (66... Rh3 $18 67. Qc8+ Kg7 68. Qc3+ Kg8 69. Qc8+ Kg7) 67. Kf6 {White mates.} Bxd3 68. Qxd3 {[%mdl 4096] Endgame KQ-KR} Rf5+ 69. Ke7 Kg7 70. Qg3+ Kh6 71. Qg4 Kh7 72. Ke8 Kh6 73. Kf8 Rg5 74. Qf4 Kh5 75. Qxf7+ Rg6 76. Qf4 Rg5 77. Qf3+ Rg4 78. Kf7 e5 79. Kf6 Kh4 80. Qf2+ Kh3 81. Kxe5 Ra4 82. Qd2 Ra3 83. Kf5 Rb3 84. Kf4 Ra3 85. Qd7+ Kh2 86. Qh7+ Rh3 87. Qc2+ Kg1 88. Kg4 Rh2 89. Qd1+ Kf2 90. Qd2+ Kg1 91. Qe1+ Kg2 92. Qe5 Kg1 93. Kg3 {[%cal Re5e1]} Rg2+ 94. Kh3 {Precision: White = 60%, Black = 41%.} 1-0

[Event "40th Nezhmetdinov Memorial 2018"]
[Site "Kazan"]
[Date "2018.09.16"]
[Round "4"]
[White "Kokarev, Dmitry"]
[Black "Yeletsky, Ivan"]
[Result "1-0"]
[WhiteElo "2595"]
[BlackElo "2388"]
[Annotator "TA"]
[PlyCount "77"]
[EventDate "2018.09.11"]
[EventType "swiss"]
[EventCountry "RUS"]
[SourceTitle "playchess.com"]
[Source "ChessBase"]
[SourceQuality "1"]

{[%evp 12,77,33,14,33,7,0,0,46,41,54,66,56,54,67,51,78,79,89,85,97,90,131,128,128,133,153,139,232,250,258,195,209,195,205,200,201,212,190,200,192,207,238,219,396,400,935,331,825,782,2039,1933,1590,1325,5485,5501,5339,4898,2922,2824,2590,2210,29986,29986,29988,29989,29989,29990]} 1. c4 Nf6 2. g3 c5 3. Bg2 d5 4. cxd5 Nxd5 5. Nc3 Nc7 6. Qa4+ Bd7 7. Qc4 {LiveBook: 7 Games. A34: Symmetrical English: 2 Nc3, lines with ...d5} (7. Qb3 Nc6 8. Qxb7 Nd4 9. Qe4 g6 10. Qb1 Bg7 11. d3 Rb8 12. Bd2 O-O 13. e3 Bc6 14. Kf1 Bxg2+ 15. Kxg2 {½-½ (43) Markowski,T (2557)-Tomczak,J (2596) Warsaw 2017}) 7... Bc6 8. Bxc6+ Nxc6 9. Qxc5 {The position is equal.} Nd4 {aiming for ...e6.} (9... e5 $5 {[%cal Rf8c5]} 10. Qc4 Nd4 $11) 10. Kf1 Qd7 $146 ({Predecessor:} 10... e6 11. Qe5 h5 12. h4 Be7 13. Qe4 Rb8 14. Nf3 Bf6 15. Nxd4 Bxd4 {1-0 (42) Tomaszewski,R (2258)-Kruckenhauser,A (1974) Innsbruck 2018}) 11. e3 Nc6 12. Kg2 $36 {[%mdl 2048] White is pushing.} f5 13. Nb5 Nxb5 14. Qxb5 e5 {[#]} 15. d4 $1 {[%cal Bd2d4,Bd4d5][%mdl 544]} a6 (15... exd4 16. exd4) 16. Qb3 g5 17. d5 Na5 18. Qd3 Nc6 {[#]} 19. e4 $1 f4 (19... g4 $16 {is a better defense.}) 20. h4 $18 gxh4 21. Rxh4 Ne7 22. Bd2 fxg3 23. fxg3 Ng6 24. Rh5 {[%cal Bh4h5,Bh5f5,Bf5f7][%mdl 32]} O-O-O 25. Rf1 Bd6 26. Nh3 Rdf8 27. Rhf5 Rfg8 $2 (27... Rhg8 {was necessary.}) 28. Rf7 Qg4 (28... Ne7 $142 29. R1f6 Kb8) 29. Kh2 $2 (29. Qc4+ Kb8 {[#]} 30. Rxb7+ $1 {[%mdl 512]} Kxb7 31. Qc6+ Kb8 32. Qxd6+ Ka8 33. Qxa6+ Kb8 34. Rf7) 29... Nf4 $2 (29... Kb8 30. R1f6 Be7) 30. Nxf4 {And now Ne6 would win.} exf4 31. Bxf4 Qh5+ 32. Kg2 Qxf7 33. Bxd6 {Qc3+ would kill now.} Qg7 34. Rc1+ Kd8 35. Qc4 {[%csl Gc1][%cal Rc4c8]} Qd7 36. Be5 b5 37. Qc5 {White mates.} h5 38. Qb6+ Ke8 39. Rc7 {Precision: White = 81%, Black = 30%.} 1-0

[Event "40th Nezhmetdinov Memorial 2018"]
[Site "Kazan"]
[Date "2018.09.16"]
[Round "4"]
[White "Chigaev, Maksim"]
[Black "Bocharov, Ivan"]
[Result "1-0"]
[WhiteElo "2593"]
[BlackElo "2565"]
[Annotator "TA"]
[PlyCount "71"]
[EventDate "2018.09.11"]
[EventType "swiss"]
[EventCountry "RUS"]
[SourceTitle "playchess.com"]
[Source "ChessBase"]
[SourceQuality "1"]

{[%evp 14,71,14,5,12,12,12,15,31,22,24,17,31,25,49,0,0,0,0,0,0,0,0,0,0,0,0,0,88,79,147,153,164,159,160,155,174,174,164,174,191,143,239,260,245,236,365,380,362,245,325,324,324,318,318,292,292,293,268,270]} 1. e4 e5 2. Nf3 Nc6 3. Bc4 Bc5 4. O-O Nf6 5. d3 d6 6. a4 h6 {C50: Hungarian Defence and Giuoco Pianissimo} 7. c3 a5 8. Be3 {LiveBook: 8 Games} Bxe3 {The position is equal.} 9. fxe3 O-O 10. Nbd2 d5 $146 ({Predecessor:} 10... Ne7 11. Bb3 Ng6 12. Qe2 Re8 13. Rad1 c6 {0-1 (56) Van Foreest,J (2612)-Jones,G (2665) Wijk aan Zee 2017}) 11. exd5 Nxd5 12. Qe2 Nb6 13. Bb5 Qe7 14. d4 e4 15. Bxc6 bxc6 16. Ne5 Ba6 17. c4 c5 $1 18. b3 $36 {[%mdl 2048] White fights for an advantage.} Bb7 19. Rf5 cxd4 20. exd4 g6 (20... Nc8 $11 {keeps the balance.}) 21. Rf2 $16 {Raf1 is the strong threat.} Kg7 (21... Nd7 $142) 22. Nxe4 {[%cal Bd2e4,Be4c5,Bc5b7][%mdl 32]} f6 {[#] White must now prevent ...Bxe4.} 23. Nc5 {aiming for Nxg6.} fxe5 24. Nxb7 {Strongly threatening Rxf8.} Rxf2 25. Qxf2 Nd7 26. dxe5 Nxe5 27. Qc5 Qg5 (27... Qxc5+ $16 {might work better.} 28. Nxc5 Re8) 28. Rf1 $18 Re8 29. Kh1 (29. Qxa5 Qe3+ 30. Kh1 Nd3 $11) 29... Qh4 (29... Nf7 $142 30. Qf2 (30. Qxc7 Qf6 $11) (30. Qxa5 Qxa5 31. Nxa5 Re3 $18) 30... Qf5 31. Qxf5 gxf5 32. Nxa5 Re3) 30. Qxc7+ Re7 31. Qb8 Ng4 {( -> ...Qf2!)} 32. Qf8+ {White has a decisive advantage.} Kh7 {[%csl Gg4][%cal Rh4h2]} 33. Rf7+ Rxf7 34. Qxf7+ Kh8 {[%csl Gg4][%cal Rh4h2]} 35. Qe8+ Kg7 {[%csl Gg4][%cal Rh4h2] [#]} 36. Qd7+ $1 {Precision: White = 72%, Black = 55%.} ({Resist} 36. h3 $6 Nf2+ 37. Kg1 (37. Kh2 Qf4+ 38. Kg1 Ne4 $11) 37... Nxh3+ 38. gxh3 Qg3+ 39. Kf1 Qf3+ 40. Ke1 Qxb7 $16) 1-0